[Event "Classics GM"]
[Site "Gausdal NOR"]
[Date "2003.04.11"]
[Round "11"]
[White "Kristjansson,S"]
[Black "Paehtz,E"]
[Result "1/2-1/2"]
[WhiteElo "2406"]
[BlackElo "2384"]

1.e4 g6 2.d4 Bg7 3.Nc3 d6 4.Be3 a6 5.a4 Nf6 6.h3 O-O 7.Nf3 Nc6 8.Be2 e5 9.dxe5 Nxe5
10.Nxe5 dxe5 11.Qxd8 Rxd8 12.Bc4 c6 13.a5 Bf8 14.f3 Re8 15.Ke2 Bb4 16.Rhd1 Nd7
17.Nb1 Nf8 18.c3 Be7 19.Nd2 Kg7 20.Ba2 f6 21.b4 h5 22.Nc4 Be6 23.Bb6 g5 24.Ne3 Bc8
25.Rd2 Kg6 26.Rad1 Ne6 27.Bxe6 Bxe6 28.g4 hxg4 29.hxg4 Rh8 30.Nf5 Rh2+ 31.Ke3 Rxd2
32.Rxd2 Bf8 33.Bc5 Kf7 34.Bxf8 Kxf8 35.Rh2 Kg8 36.Rd2 Re8 37.c4 Bxf5 38.gxf5 Kf7
39.Rd7+ Re7 40.Rd6 Rc7 41.Rd8 Ke7 42.Rh8 Rd7 43.Rb8 Kf7 44.Rc8 Kg7 45.b5 cxb5
46.cxb5 axb5 47.Rc5 b4 48.Rb5 b3 49.Rxb3 Kf7 50.Rb6 Kg7 51.Rb5 Kf7 52.Rc5 Ke7
53.Rb5  1/2-1/2

[Event "ch-SCO"]
[Site "Edinburgh SCO"]
[Date "2003.04.13"]
[Round "9"]
[White "Arakhamia,K"]
[Black "McNab,C"]
[Result "1-0"]
[WhiteElo "2413"]
[BlackElo "2412"]

1.e4 g6 2.d4 d6 3.Nc3 Bg7 4.Be3 Nf6 5.Qd2 c6 6.Nf3 Qa5 7.Bd3 Bg4 8.O-O-O Nbd7
9.Kb1 e5 10.dxe5 dxe5 11.Bc4 O-O 12.h3 Bxf3 13.gxf3 Rfd8 14.a3 Qc7 15.Ba2 Bf8
16.Qe2 b5 17.Bg5 Be7 18.h4 Nf8 19.Bxf6 Bxf6 20.h5 Rd4 21.Rdg1 Rad8 22.Qe3 Qd6
23.hxg6 hxg6 24.Ne2 Rd7 25.Nxd4 exd4 26.Qd2 Qe5 27.Rg4 c5 28.Bd5 Rxd5 29.exd5 Qxd5
30.Qe2 c4 31.Qe4 Qd6 32.f4 b4 33.f5 Bg7 34.fxg6 fxg6 35.axb4  1-0

[Event "6th St Quentin Open"]
[Site "Elancourt FRA"]
[Date "2003.04.16"]
[Round "6"]
[White "Draoui,N"]
[Black "Bouton,C"]
[Result "1-0"]
[WhiteElo "2278"]
[BlackElo "2160"]

1.e4 g6 2.d4 Bg7 3.Nc3 d6 4.Be3 a6 5.Qd2 b5 6.Bd3 Nd7 7.O-O-O Bb7 8.Nf3 b4
9.Ne2 Ngf6 10.Ng3 a5 11.Bh6 O-O 12.h4 Bxh6 13.Qxh6 Ng4 14.Qd2 e5 15.h5 Qe7
16.Rh4 Ndf6 17.Rdh1 exd4 18.Nxd4 c5 19.Ndf5 Qe6 20.hxg6 fxg6 21.Qg5 Ne5 22.Kb1 c4
23.Be2 Ba6 24.Rh6 Ra7 25.f4 Nxe4 26.Nxe4 Rxf5 27.Qd8+ Rf8 28.Qb6 Rg7 29.fxe5 Qxe5
30.Qxa6  1-0

[Event "ch-Kaissa Club"]
[Site "Kharkov UKR"]
[Date "2003.04.16"]
[Round "9"]
[White "Smougalev,G"]
[Black "Arzumanian,G"]
[Result "0-1"]
[WhiteElo "2342"]
[BlackElo "2416"]

1.d4 d6 2.e4 g6 3.Nc3 Bg7 4.g3 Nc6 5.Be3 e5 6.dxe5 Nxe5 7.f4 Nc6 8.Qd2 Nf6
9.Nge2 O-O 10.Bg2 Re8 11.h3 Nd7 12.O-O Nb6 13.b3 Qe7 14.Rae1 Be6 15.f5 gxf5
16.exf5 Bc4 17.Bxb6 Bxe2 18.f6 Bxf1 19.fxe7 Bxg2 20.Kxg2 axb6 21.Nd5 Rxa2
22.Re2 h6 23.Nxc7 Rxe7 24.Rxe7 Nxe7 25.Qd3 Nc6 26.Nd5 Nd4 27.Ne3 Rb2 28.Qe4 Be5
29.h4 Nxb3 30.Qxb7 Nd4 31.h5 b5 32.Kh3 Kg7 33.Qe4 b4 34.Nc4 Ne6 35.Kg4 Ng5
36.Qd3 Ra2 37.Qb3 Ra1 38.Ne3 Re1 39.Qd3 Kf6 40.Qf5+ Kg7 41.Qf2 Ra1 42.Qd2 Rg1
43.Qf2 Rxg3+ 44.Qxg3 Bxg3  0-1

[Event "City-ch w"]
[Site "St Petersburg RUS"]
[Date "2003.04.19"]
[Round "3"]
[White "Stjazhkina,O"]
[Black "Akatova,E"]
[Result "1-0"]
[WhiteElo "2313"]
[BlackElo "2136"]

1.e4 d6 2.d4 g6 3.Nc3 Bg7 4.Be3 c6 5.Qd2 Nd7 6.Nf3 b5 7.Bd3 Ngf6 8.Bh6 Bxh6
9.Qxh6 b4 10.Ne2 e5 11.O-O Ng4 12.Qd2 exd4 13.Nexd4 Nde5 14.h3 Nxf3+ 15.Nxf3 Nf6
16.Qxb4 O-O 17.Rad1 Re8 18.Rfe1 c5 19.Qb3 Be6 20.Qc3 c4 21.Bf1 Rc8 22.Qd4 Rc7
23.e5 Nd5 24.exd6 Rd7 25.Bxc4 Rxd6 26.Bb3 Rd7 27.Ba4  1-0

[Event "11th Open"]
[Site "Tarbes FRA"]
[Date "2003.04.19"]
[Round "3"]
[White "Safranska,A"]
[Black "Dargagnon,R"]
[Result "1-0"]
[WhiteElo "2337"]
[BlackElo "2125"]

1.e4 g6 2.d4 d6 3.Nc3 Bg7 4.g3 Nf6 5.Bg2 O-O 6.Nge2 Nc6 7.h3 e5 8.Be3 exd4
9.Nxd4 Bd7 10.O-O Re8 11.Re1 Rb8 12.a4 Ne5 13.b3 a6 14.f4 Nc6 15.Qd2 Nxd4
16.Bxd4 c5 17.Bf2 Bc6 18.Rad1 Qa5 19.Re3 Nh5 20.Rd3 Bxc3 21.Qxc3 Qxc3 22.Rxc3 Rbd8
23.Rcd3 Bxe4 24.Bxe4 Rxe4 25.Rxd6 Rxd6 26.Rxd6 Re2 27.c4 Re6 28.Rxe6 fxe6
29.Kg2 Kf7 30.Bxc5 Ke8 31.Kf3 Kd7 32.Bd4 Ke7 33.a5 Nf6 34.Bxf6+ Kxf6 35.Ke4  1-0

[Event "XXI Open"]
[Site "Metz FRA"]
[Date "2003.04.20"]
[Round "2"]
[White "Kritz,L"]
[Black "Borzakian,M"]
[Result "1-0"]
[WhiteElo "2468"]
[BlackElo "2129"]

1.e4 g6 2.d4 Bg7 3.Nc3 d6 4.f4 c6 5.Nf3 Bg4 6.Be3 Qb6 7.Qd2 Bxf3 8.gxf3 Nd7
9.O-O-O Qa5 10.Kb1 b5 11.Bd3 Nb6 12.f5 b4 13.Ne2 Rb8 14.Nc1 Na4 15.Nb3 Qc7
16.h4 Nf6 17.Rdg1 Nh5 18.Bh6 c5 19.Bxg7 Nxg7 20.Qh6 c4 21.Qxg7 cxd3 22.cxd3 Rf8
23.Qxh7 gxf5 24.Qxf5 e6 25.Qg5 Qb6 26.h5 Qb5 27.Qd2 a5 28.Rg5 d5 29.exd5 Nc3+
30.bxc3 bxc3 31.Qxc3 a4 32.d6 Qd7 33.Qc7 Rb7 34.Qa5 axb3 35.Qa8+ Qd8 36.Qxb7 bxa2+
37.Ka1 Qxg5 38.Qc6+  1-0

[Event "XXI Open"]
[Site "Metz FRA"]
[Date "2003.04.20"]
[Round "2"]
[White "Jaenig,R"]
[Black "Sulava,N"]
[Result "1-0"]
[WhiteElo "2177"]
[BlackElo "2516"]

1.e4 g6 2.d4 Bg7 3.Nc3 d6 4.f4 e6 5.Nf3 Ne7 6.Be3 a6 7.Qd2 b5 8.a3 Nd7 9.O-O-O Bb7
10.h4 h5 11.Ng5 Rc8 12.Be2 Nf6 13.Bf3 O-O 14.Qe2 Qe8 15.g4 c5 16.dxc5 dxc5
17.gxh5 b4 18.Nb1 Qa4 19.hxg6 bxa3 20.gxf7+ Rxf7 21.Nxa3 Bxe4 22.Nxf7 Kxf7
23.Rhg1 Ned5 24.Qg2 Bh8 25.Bxe4 Nxe4 26.Qg6+ Ke7 27.Qh7+ Kd6 28.Qb7 Qb4 29.Qxb4 cxb4
30.Nb1 Bf6 31.Bd4 Bxh4 32.Nd2 Ng3 33.Rxg3 Bxg3 34.Ne4+ Kc6 35.Nxg3 Nxf4 36.Be5 Nd5
37.Rd4 Rf8 38.Ne4 a5 39.Rc4+ Kb6 40.Bd4+ Kb5 41.Rc5+ Ka6 42.Nd6 a4 43.Nc4 Rf4
44.Be5 Rg4 45.Ra5+ Kb7 46.Nd6+ Kb6 47.Rxa4 Rg2 48.Kb1 Re2 49.Nc4+  1-0

[Event "11th Open"]
[Site "Tarbes FRA"]
[Date "2003.04.20"]
[Round "6"]
[White "Juglard,E"]
[Black "Safranska,A"]
[Result "1-0"]
[WhiteElo "2186"]
[BlackElo "2337"]

1.d4 g6 2.Nc3 Bg7 3.e4 d6 4.Bg5 a6 5.Qd2 b5 6.Nf3 Bb7 7.Bd3 Nd7 8.O-O h6
9.Be3 e6 10.Rae1 Ne7 11.d5 e5 12.a4 b4 13.Ne2 a5 14.c3 f5 15.cxb4 fxe4 16.Bxe4 Nf6
17.Bb1 axb4 18.Qxb4 Bxd5 19.Nh4 Bf7 20.f4 Nfd5 21.Qe4 Nxe3 22.Qxe3 Rxa4 23.fxe5 Nd5
24.Qf3 Qd7 25.e6 Bxe6 26.Nxg6 Rg8 27.Ngf4 Nxf4 28.Nxf4 Be5 29.Nxe6 Qxe6 30.Bf5 Qc4
31.b3 Qc5+ 32.Kh1 Ra2  1-0

[Event "Commonwealth Ch"]
[Site "Mumbai IND"]
[Date "2003.04.21"]
[Round "2"]
[White "Krutika,N"]
[Black "Roktim,B"]
[Result "0-1"]
[WhiteElo "2149"]
[BlackElo "2405"]

1.e4 g6 2.d4 Bg7 3.Nc3 d6 4.Be3 a6 5.f3 b5 6.Qd2 Nd7 7.g4 Bb7 8.Nce2 c5 9.Ng3 Rc8
10.O-O-O Qc7 11.d5 Nb6 12.f4 Nf6 13.g5 Nfxd5 14.exd5 Bxd5 15.b3 Bxh1 16.Nxh1 O-O
17.Bh3 Rb8 18.Ng3 Nc4 19.bxc4 bxc4 20.Rf1 d5 21.f5 c3 22.Qf2 Qb6 23.Kd1 Qb1+
24.Bc1 d4 25.Ne4 d3 26.f6 d2 27.Nxd2 cxd2 28.Kxd2 exf6 29.Qxc5 f5 30.Ba3 Qxa2
31.Rc1 Rfc8 32.Qe3 Bc3+ 33.Qxc3 Rxc3 34.Bd6 Rbc8  0-1

[Event "Commonwealth Ch"]
[Site "Mumbai IND"]
[Date "2003.04.21"]
[Round "3"]
[White "Kotronias,V"]
[Black "Roktim,B"]
[Result "1-0"]
[WhiteElo "2597"]
[BlackElo "2405"]

1.e4 g6 2.d4 Bg7 3.Nc3 d6 4.f4 Nf6 5.Nf3 O-O 6.Be3 Bg4 7.h3 Bxf3 8.Qxf3 c6
9.O-O-O Qa5 10.Kb1 Nbd7 11.g4 e6 12.Rg1 b5 13.g5 Nh5 14.Bd3 b4 15.Ne2 c5
16.f5 cxd4 17.Nxd4 Ne5 18.Qf2 Nxd3 19.cxd3 Bxd4 20.Bxd4 exf5 21.b3 Rfe8 22.Rgf1 f4
23.h4 Qb5 24.Bb2 a5 25.Qd4 Qe5 26.Rc1 Qxd4 27.Bxd4 d5 28.exd5 Ng3 29.Rf2 Ne2
30.Rc4 Rad8 31.Bf6 Nc3+ 32.Rxc3 bxc3 33.Bxd8 Rxd8 34.Rxf4 Rxd5 35.Kc2 h6
36.gxh6 f5 37.Kxc3 Kh7 38.Kc4 Rd7 39.d4 Kxh6 40.d5 g5 41.Rxf5 gxh4 42.Rf2 Kg6
43.Rd2 Kf6 44.Kc5 Rh7 45.d6 Rh8  1-0

[Event "Commonwealth Ch"]
[Site "Mumbai IND"]
[Date "2003.04.21"]
[Round "3"]
[White "Kutwal,S"]
[Black "Murshed,N"]
[Result "0-1"]
[WhiteElo "2245"]
[BlackElo "2419"]

1.e4 g6 2.d4 Bg7 3.Nc3 d6 4.Nf3 c6 5.Be2 Nf6 6.O-O O-O 7.h3 Qc7 8.Bg5 h6
9.Be3 Nbd7 10.a4 b6 11.Re1 Bb7 12.Bf1 e5 13.dxe5 dxe5 14.Nd2 Rfd8 15.a5 b5
16.a6 Bc8 17.Qc1 Nb8 18.Nb3 Kh7 19.f4 Nh5 20.Ne2 Nxa6 21.g4 Nxf4 22.Nxf4 exf4
23.Bxf4 Be5 24.Bxh6 c5 25.Bxb5 Nb4 26.Be3 Bxb2 27.Qxb2 Qg3+ 28.Kf1 Qxh3+
29.Kf2 Qh2+ 30.Kf3 Bxg4+ 31.Kxg4 Qg2+ 32.Kf4 g5+ 33.Kf5 Qh3+ 34.Kxg5 Rg8+
35.Kf4 Qg3+ 36.Kf5 Qg4+ 37.Ke5 Qg7+ 38.Kf5 Qg6+ 39.Ke5 f6+ 40.Kf4 Qh6+ 41.Kf5 Qh5+
42.Ke6 Rad8 43.Ra6 Rd7 44.Kxd7 Qg4+  0-1

[Event "City-ch w"]
[Site "St Petersburg RUS"]
[Date "2003.04.21"]
[Round "5"]
[White "Korbut,E"]
[Black "Akatova,E"]
[Result "1-0"]
[WhiteElo "2312"]
[BlackElo "2136"]

1.e4 g6 2.d4 Bg7 3.Nc3 d6 4.Be3 Nd7 5.Qd2 c6 6.Bd3 e5 7.Nf3 Ngf6 8.h3 O-O
9.a4 Qe7 10.O-O Rd8 11.Bg5 exd4 12.Nxd4 a5 13.Rae1 Nc5 14.f4 h6 15.Bxf6 Bxf6
16.Nf3 Bg7 17.Kh1 Nxd3 18.cxd3 Qc7 19.Qf2 Re8 20.f5 g5 21.Nh2 f6 22.d4 Bd7
23.h4 Re7 24.Qg3 Be8 25.Ng4 h5 26.Ne3 Bh6 27.hxg5 h4 28.Qg4 Bxg5 29.Ned5 cxd5
30.Nxd5 Qc2 31.Nxe7+ Kg7 32.e5 dxe5 33.dxe5 Bf7 34.exf6+ Kh6 35.Ng6 Qxb2
36.Ne5 Bh5 37.Qh3 Rc8 38.Ng4+ Kh7 39.Qd3 Rg8 40.Qd7+ Kh8 41.Re7  1-0

[Event "41st Doeberl Cup"]
[Site "Canberra AUS"]
[Date "2003.04.22"]
[Round "7"]
[White "Lane,G"]
[Black "Reilly,T"]
[Result "1-0"]
[WhiteElo "2399"]
[BlackElo "2292"]

1.e4 d6 2.d4 g6 3.Nc3 Bg7 4.Be3 a6 5.f4 Nf6 6.Nf3 b5 7.e5 Ng4 8.Bg1 O-O 9.Bd3 Bb7
10.Qe2 c5 11.dxc5 dxe5 12.h3 Nf6 13.fxe5 Nd5 14.Nxd5 Qxd5 15.Bf2 Nd7 16.c4 bxc4
17.Bxc4 Qc6 18.Rc1 e6 19.Bd4 Nxc5 20.O-O Nd7 21.Rfe1 Rac8 22.Rc3 Qa4 23.b3 Qa5
24.Nh2 h5 25.Nf3 Bxf3 26.Rxf3 Rc6 27.Kh1 Qc7 28.Rf2 a5 29.a4 Nb6 30.Bb5 Rc1
31.Rxc1 Qxc1+ 32.Rf1 Qc7 33.Qf2 Nd5 34.Bc5 Rc8 35.Bd6 Qb7 36.Qd2 Nb4 37.Qe2 Rc3
38.Be8 Rxh3+ 39.Kg1 Qa7+ 40.Qf2 Qxf2+ 41.Rxf2 Rxb3 42.Bxf7+ Kh7 43.Bxe6 Rb1+
44.Kh2 Nd3 45.Rf7 Kh6 46.Ra7 Bxe5+ 47.Bxe5 Nxe5 48.Rxa5 Nd3 49.Bd5 Ra1 50.Ra7 Kg5
51.a5 Ne5 52.Kg3 h4+ 53.Kf2 Ng4+ 54.Ke2 Kf4 55.a6 Ra5 56.Rf7+ Kg3 57.a7  1-0

[Event "5th Open"]
[Site "Dubai UAE"]
[Date "2003.04.22"]
[Round "3"]
[White "Timofeev,Ar"]
[Black "Minasian,Art"]
[Result "1-0"]
[WhiteElo "2577"]
[BlackElo "2555"]

1.e4 g6 2.d4 Bg7 3.Nc3 d6 4.Be3 a6 5.a4 b6 6.Qd2 Bb7 7.f3 Nd7 8.h4 h6 9.Bc4 e6
10.Nge2 Ngf6 11.d5 e5 12.g4 h5 13.g5 Nh7 14.Ng3 Qe7 15.a5 O-O 16.Bf1 Rab8
17.Bh3 Bc8 18.b3 Nc5 19.Bxc8 Rbxc8 20.axb6 cxb6 21.b4 Nd7 22.Rxa6 f6 23.Nxh5 fxg5
24.Nxg7 Qxg7 25.hxg5 Rxf3 26.Ra7 Nxg5 27.Bxg5 Rfxc3 28.Qh2 R3c7 29.Rxc7 Rxc7
30.Qh3 Nf8 31.Bh6 Qd7 32.Qf3 Qf7 33.Qg2 Ra7 34.Kd2 Ra3 35.Rf1 Qc7 36.Rxf8+ Kh7
37.Qh2 Qxc2+ 38.Kxc2 Ra2+ 39.Kd3 Rxh2 40.Be3 Rb2  1-0

[Event "Commonwealth Ch"]
[Site "Mumbai IND"]
[Date "2003.04.23"]
[Round "5"]
[White "Ramaswamy,A"]
[Black "Dzhumaev,M"]
[Result "0-1"]
[WhiteElo "2348"]
[BlackElo "2495"]

1.e4 g6 2.d4 Bg7 3.Nc3 d6 4.Be3 c6 5.Qd2 Nd7 6.Nf3 b5 7.Bd3 Qc7 8.O-O Bb7
9.h3 a6 10.Ne2 Ngf6 11.c3 O-O 12.Bh6 e5 13.Ng3 Rfe8 14.Bxg7 Kxg7 15.dxe5 dxe5
16.Rad1 Nf8 17.Qg5 Bc8 18.Bc2 h6 19.Qd2 Bb7 20.Nh4 Ng8 21.f4 Rad8 22.Qe3 Rxd1
23.Bxd1 exf4 24.Rxf4 Ne6 25.Rg4 Kh7 26.Bc2 Qe5 27.Qf2 Nf6 28.Ne2 Re7 29.Rg3 Ng5
30.Nf3 Ngxe4 31.Nxe5 Nxf2 32.Rf3 Kg7 33.Kxf2 Rxe5 34.Rd3 c5 35.Rd6 Bxg2 36.Rxa6 Bxh3
37.Ra7 Ng4+ 38.Ke1 h5 39.Kd2 Ne3 40.Bd3 c4  0-1

[Event "5th Open"]
[Site "Dubai UAE"]
[Date "2003.04.24"]
[Round "5"]
[White "Al Sayed,Mohamad"]
[Black "Izoria,Z"]
[Result "1/2-1/2"]
[WhiteElo "2455"]
[BlackElo "2569"]

1.e4 d6 2.d4 g6 3.Nc3 Bg7 4.g3 Nf6 5.Bg2 O-O 6.Nge2 Nbd7 7.h3 Rb8 8.a4 c5
9.Be3 b6 10.O-O a6 11.g4 Bb7 12.Ng3 cxd4 13.Bxd4 Qc7 14.g5 Ne8 15.Nd5 Bxd5
16.exd5 e5  1/2-1/2

[Event "City-ch w"]
[Site "St Petersburg RUS"]
[Date "2003.04.25"]
[Round "8"]
[White "Antoshkova,T"]
[Black "Akatova,E"]
[Result "0-1"]
[WhiteElo "2103"]
[BlackElo "2136"]

1.e4 g6 2.d4 Bg7 3.Nc3 d6 4.Be3 Nd7 5.Qd2 c6 6.Bd3 e5 7.Nf3 Ngf6 8.h3 O-O
9.O-O Qe7 10.Rfe1 Nh5 11.Rad1 Re8 12.Bc4 Nf8 13.Ng5 Ne6 14.d5 Nef4 15.Nf3 c5
16.Bf1 Qf6 17.Kh2 Bf8 18.Ng1 g5 19.g3 h6 20.g4 Ng7 21.Bxf4 gxf4 22.Bb5 Rd8
23.Qe2 a6 24.Bd3 b5 25.b3 h5 26.f3 hxg4 27.fxg4 Qh4 28.Qg2 Ne8 29.Nf3 Qh7
30.Rh1 Nf6 31.Rde1 Bd7 32.Kg1 Be7 33.Nd1 Rac8 34.c4 Kg7 35.Nf2 Rg8 36.Kf1 Kf8
37.Qh2 bxc4 38.Bxc4 Bb5 39.Nd2 Bd8 40.Nd3 Ba5 41.Bxb5 axb5 42.Nxf4 exf4 43.Qxf4 Bxd2
44.Qxd2 Nxg4 45.Qf4 Ne5 46.Re2 Qh5 47.Rhh2 Qf3+ 48.Qxf3 Nxf3 49.Rhg2 Rxg2
50.Kxg2 Ne5 51.Kf2 Ke7 52.Ke3 Rh8 53.Kd2 Rxh3 54.Kc2 Nf3 55.Kb2 Rh2  0-1

[Event "Rhone Open"]
[Site "Lyon FRA"]
[Date "2003.05.01"]
[Round "6"]
[White "Bolding,K"]
[Black "Safranska,A"]
[Result "1/2-1/2"]
[WhiteElo "2309"]
[BlackElo "2337"]

1.e4 d6 2.d4 g6 3.Nc3 Bg7 4.Be3 a6 5.a4 b6 6.Nf3 Bb7 7.Bc4 e6 8.Qe2 Ne7 9.Rd1 Nd7
10.O-O h6 11.Qd2 Nf6 12.Bd3 Ng4 13.Bf4 Nf6 14.e5 Nfd5 15.Nxd5 Nxd5 16.Bg3 Ne7
17.Qe2 O-O 18.c3 Qd7 19.Nd2 dxe5 20.Bxe5 Nc6 21.Bxg7 Kxg7 22.Rfe1 Rfe8 23.Be4 Nd8
24.h4 Bxe4 25.Qxe4 Nc6 26.Nf3 Rad8 27.Qf4 Qd6 28.Qxd6 Rxd6 29.Nd2 Red8 30.Nc4 R6d7
31.f4 Ra8 32.Ne3 Rad8 33.Nc4 Ra8 34.Ne3 Rad8 35.Nc4  1/2-1/2

[Event "Rhone Open"]
[Site "Lyon FRA"]
[Date "2003.05.02"]
[Round "7"]
[White "Praud,JL"]
[Black "Marholev,D"]
[Result "0-1"]
[WhiteElo "2158"]
[BlackElo "2290"]

1.d4 g6 2.e4 Bg7 3.Nc3 d6 4.Be3 a6 5.Qd2 b5 6.a3 Bb7 7.f3 Nd7 8.Nh3 c5 9.d5 Ngf6
10.Bh6 O-O 11.Bxg7 Kxg7 12.Ne2 c4 13.Nhf4 Ne5 14.h4 h5 15.Nd4 Qb6 16.Rh3 Rh8
17.Rg3 Kf8 18.Be2 Rc8 19.Qe3 Ke8 20.Nh3 a5 21.Nf2 b4 22.a4 Qc5 23.f4 Ned7
24.Nh3 Ng4 25.Bxg4 hxg4 26.Rxg4 Nf6 27.Rg5 Rh5 28.O-O-O Rh8 29.f5 gxf5 30.Rxf5 Ng4
31.Qe2 Ne5 32.Nf3 Nd3+ 33.Kb1 Ba6 34.Nf4 Nxb2 35.Ng5 Nxd1 36.Qxd1 b3 37.Rxf7 Qa3
38.Rxe7+ Kxe7 39.Ng6+ Ke8 40.Nxh8 Qa2+ 41.Kc1 Qa1+  0-1

[Event "St Petersburg vs. Moscow"]
[Site "St Petersburg RUS"]
[Date "2003.05.05"]
[Round "2"]
[White "Vlassov,N"]
[Black "Utkin,Alek"]
[Result "1-0"]
[WhiteElo "2466"]
[BlackElo "2334"]

1.e4 g6 2.d4 Bg7 3.Nc3 d6 4.h4 h5 5.Nh3 Bxh3 6.Rxh3 c6 7.Bc4 Nf6 8.Bg5 Nbd7
9.Qd3 Qc7 10.O-O-O Rf8 11.f4 O-O-O 12.Rf3 Nb6 13.Bb3 Ng4 14.f5 Kb8 15.fxg6 fxg6
16.Rdf1 Bf6 17.Rg3 Bxg5+ 18.hxg5 e5 19.Rgf3 Qe7 20.Kb1 Nh2 21.Rxf8 Rxf8 22.Rxf8+ Qxf8
23.dxe5 dxe5 24.a4 Nc8 25.Ka2 Qe7 26.Qc4 Qe8 27.a5 Ng4 28.Na4 Nd6 29.Qb4 Nb5
30.Nc5 Qd8 31.Be6 b6 32.Nd7+ Kb7 33.c4 Qe8 34.a6+ Kc7 35.Bxg4 hxg4 36.Nf6 Qe6
37.b3 Nd6 38.c5 Nb5 39.Qc4 Qc8 40.Qf7+ Kb8 41.Nd7+ Ka8 42.Kb2 Nc7 43.cxb6 Nxa6
44.Nxe5 axb6 45.Qxg6 Nb4 46.Qf6 c5 47.g6 Qa6 48.Qd8+ Kb7 49.Qd7+ Kb8 50.Nc6+ Nxc6
51.Qxc6 Qe2+ 52.Ka3 Qa6+ 53.Qa4 Qf1 54.Qe8+  1-0

[Event "FSGM May"]
[Site "Budapest HUN"]
[Date "2003.05.11"]
[Round "9"]
[White "Predojevic,B"]
[Black "Burnett,R"]
[Result "1-0"]
[WhiteElo "2430"]
[BlackElo "2442"]

1.e4 d6 2.d4 g6 3.Nc3 Bg7 4.Bg5 Nd7 5.Qd2 c5 6.Nf3 a6 7.O-O-O b5 8.dxc5 Nxc5
9.e5 b4 10.Nd5 Ne4 11.Qf4 Nxg5 12.Nxg5 f6 13.Qc4 fxg5 14.Nc7+ Kf8 15.Nxa8 Bxe5
16.Nc7 Qd7 17.g3 Nf6 18.h4 g4 19.f4 gxf3 20.Bh3 Qxh3 21.Rxh3 Bxh3 22.Ne6+ Bxe6
23.Qxe6 f2 24.Qb3 Bd4 25.Qf3 Bc5 26.Rf1 Kg7 27.Rxf2 Bxf2 28.Qxf2 Re8 29.Qa7 d5
30.Qxa6 e5 31.Qb7+ Kg8 32.a4 bxa3 33.bxa3 e4 34.a4 e3 35.Kd1 Ne4 36.Qxd5+ Kf8
37.Ke1 Nxg3 38.Qd6+  1-0

[Event "National I"]
[Site "Clermont-Ferrand FRA"]
[Date "2003.05.11"]
[Round "11"]
[White "Riff,JN"]
[Black "Vaugeois,C"]
[Result "1-0"]
[WhiteElo "2263"]
[BlackElo "2127"]

1.e4 g6 2.d4 Bg7 3.Nc3 d6 4.Be3 c6 5.Qd2 Nd7 6.Nf3 b5 7.Bd3 Nb6 8.h3 a6 9.O-O Bb7
10.Rfe1 e6 11.Rad1 Ne7 12.Bh6 O-O 13.Ne2 Re8 14.Bxg7 Kxg7 15.Ng3 Ng8 16.Qf4 Bc8
17.e5 d5 18.Ng5 Ra7 19.Qg4 f5 20.exf6+ Nxf6 21.Qf4 Rae7 22.Re2 Qc7 23.Qxc7 Rxc7
24.Rde1 Rce7 25.f4 c5 26.Bf5 h6 27.Nxe6+ Bxe6 28.Bxe6 Ne4 29.Nxe4 dxe4 30.d5 Nc4
31.Rxe4 Kf6 32.b3 Nd6 33.Re5 g5 34.g3 gxf4 35.gxf4 Rg7+ 36.Kf2 Rge7 37.Kf3 b4
38.Rg1 a5 39.h4 Rg7 40.Rxg7 Kxg7 41.Bd7 Rd8 42.Bc6 Rf8 43.Kg4 c4 44.bxc4 Nxc4
45.Re4 Nd6 46.Re3 h5+ 47.Kxh5 Rh8+ 48.Kg4 Rxh4+ 49.Kxh4 Nf5+ 50.Kg5 Nxe3
51.d6 Kf7 52.d7 Ke7 53.f5  1-0

[Event "TCh-Serbia & Montenegro"]
[Site "Budva YUG"]
[Date "2003.05.18"]
[Round "?"]
[White "Kalezic,B"]
[Black "Lazic,Mi"]
[Result "0-1"]
[WhiteElo "2463"]
[BlackElo "2508"]

1.e4 g6 2.Nc3 Bg7 3.d4 d6 4.Be3 a6 5.Qd2 b5 6.h4 h6 7.f3 Nd7 8.Nge2 Bb7 9.g3 e6
10.Bg2 Ne7 11.O-O c5 12.Nd1 cxd4 13.Bxd4 e5 14.Bf2 Nb6 15.Ne3 d5 16.Nxd5 Nbxd5
17.exd5 Qxd5 18.Rfd1 Qc6 19.Qd6 Rc8 20.c3 f5 21.Nc1 Kf7 22.Nb3 Qxd6 23.Rxd6 Rhd8
24.Rb6 Rc7 25.Nc5 Bc8 26.Nxa6 Rc6 27.Nb4 Rxb6 28.Bxb6 Rd2 29.Bf1 e4 30.fxe4 Rxb2
31.Rc1 fxe4 32.Bxb5 Nf5 33.Bf2 e3 34.Be1 Bb7 35.Bf1 Bf8 36.Nd3 Rxa2 37.Ne5+ Kg7
38.Rb1 Be4 39.Rb6 Bc5 40.Rxg6+ Kh7 41.Bc4 Rg2+ 42.Kh1 Re2+  0-1

[Event "4th IECC"]
[Site "Istanbul TUR"]
[Date "2003.06.01"]
[Round "3"]
[White "Tzermiadianos,And"]
[Black "Inarkiev,E"]
[Result "1-0"]
[WhiteElo "2428"]
[BlackElo "2568"]

1.e4 g6 2.d4 Bg7 3.Nc3 d6 4.f4 Nf6 5.Nf3 c5 6.Bb5+ Bd7 7.e5 Ng4 8.Bxd7+ Qxd7
9.d5 dxe5 10.h3 e4 11.hxg4 exf3 12.Qxf3 Na6 13.Bd2 Nb4 14.O-O-O O-O-O 15.Ne4 Qa4
16.Bxb4 cxb4 17.Kb1 h6 18.f5 Be5 19.fxg6 fxg6 20.Nc5 Qa5 21.Nxb7 Kxb7 22.d6+ Kb6
23.Rd5 Qxd5 24.Qxd5 exd6 25.a3 bxa3 26.Rh3 Rb8 27.Rb3+ Kc7 28.Qa5+ Kc6 29.Qa4+ Kd5
30.Qxa3 Rxb3 31.Qxb3+ Kc6 32.Qf3+ Kb6 33.Qe3+ Ka6 34.Qd3+ Ka5 35.Qd5+ Kb6
36.b4 a6 37.c4 Rf8 38.Kc2 Rf4 39.Qg8 Kc7 40.Kb3 Rxg4 41.Qf7+ Kd8 42.c5 Rf4
43.Qb7 dxc5 44.Qd5+ Kc8 45.Qxe5 Rxb4+ 46.Kc3 Rb6 47.Kc4 Rc6 48.Kd5 Kb7 49.Qb2+ Kc7
50.Qg7+ Kb6 51.Qd7 Rc7 52.Qd8 Kb7 53.Kd6 Rc6+ 54.Kd7 h5 55.g3 g5 56.Qxg5 Rc7+
57.Kd6 Rc6+ 58.Kd5 c4 59.Qe7+ Rc7 60.Qb4+ Kc8 61.Qa5 c3 62.Qxa6+ Kd8 63.Qf6+ Kc8
64.Qe6+ Kb7 65.Qe4 c2 66.Kd6+ Ka7 67.Kxc7 c1=Q+ 68.Qc6 Qxc6+ 69.Kxc6 Kb8
70.Kd7 Kb7 71.Ke7 Kc6 72.Kf6 Kd7 73.Kg5 Ke6 74.Kxh5 Kf6 75.g4 Kf7 76.Kh6 Kg8
77.g5 Kh8 78.g6  1-0

[Event "Golden Cleopatra"]
[Site "Cairo EGY"]
[Date "2003.06.02"]
[Round "2"]
[White "Fekri,W"]
[Black "Jasim,A"]
[Result "0-1"]
[WhiteElo "2125"]
[BlackElo "2300"]

1.Nc3 g6 2.d4 Bg7 3.e4 d6 4.Bg5 a6 5.f4 b5 6.Be2 Bb7 7.Bf3 Nd7 8.Nge2 c5
9.d5 Nb6 10.Qd3 Qd7 11.O-O Nf6 12.a4 b4 13.a5 bxc3 14.axb6 cxb2 15.Ra2 Qb5
16.c4 Qxb6 17.Rb1 Nd7 18.e5 Qc7 19.Raxb2 Bc8 20.Qe3 O-O 21.Bxe7 Re8 22.exd6 Qxd6
23.Bxd6 Rxe3 24.Rb3 Rxb3 25.Rxb3 a5 26.Re3 h5 27.Re8+ Kh7 28.Be5 a4 29.d6 Rb8
30.Nc3 a3 31.Bxg7 Kxg7 32.Bc6 Rb1+ 33.Kf2 Rb8 34.Ke3 Nf6 35.d7 Nxd7 36.Bxd7 a2
37.Nxa2 Rb3+ 38.Kf2 Bxd7 39.Re2 Bf5 40.Rd2  0-1

[Event "17th Open"]
[Site "Pula CRO"]
[Date "2003.06.02"]
[Round "3"]
[White "Krstic,U"]
[Black "Bogdanovski,V"]
[Result "1/2-1/2"]
[WhiteElo "2392"]
[BlackElo "2449"]

1.e4 d6 2.d4 g6 3.Nc3 Bg7 4.Be3 a6 5.Nf3 Nf6 6.Bd3 O-O 7.Qd2 Nc6 8.h3 e5
9.dxe5 dxe5 10.Bg5 Be6 11.O-O-O Qd6 12.Be2 Nd4 13.Qe3 c5 14.Kb1 Nh5 15.g3 f6
16.g4 fxg5 17.gxh5 h6 18.hxg6 Rf4 19.Ne1 Rd8 20.Nd3 Rh4 21.Nc1 Kh8 22.Rdg1 Bg8
23.Rg4 Qxg6 24.Rxh4 gxh4 25.f4 b5 26.f5 Qc6 27.Rg1 b4 28.Nd1 Rd6 29.Nd3 Qc7
30.Qf2 a5 31.Ne3 c4 32.Nc1 c3 33.b3 a4 34.Bc4 axb3 35.cxb3 c2+ 36.Kb2 h5
37.Rg6 Rxg6 38.fxg6 Qc6 39.Qg2 Bh6 40.g7+ Bxg7 41.Nd3 Bh7 42.Nxb4 Qb7 43.Nbd5 Bh6
44.Nxc2 Nxc2 45.Qxc2 Qd7 46.Qc3 Bxe4 47.Nf6 Qf5 48.Nxe4 Qxe4 49.Bd3 Qf4 50.Qc8+ Bf8
51.Qf5 Qd2+ 52.Kb1 Qd1+  1/2-1/2

[Event "Golden Cleopatra"]
[Site "Cairo EGY"]
[Date "2003.06.03"]
[Round "3"]
[White "Zozulia,A"]
[Black "Awwad,Y"]
[Result "1-0"]
[WhiteElo "2336"]
[BlackElo "2054"]

1.e4 g6 2.d4 Bg7 3.Nc3 d6 4.f4 Nc6 5.Be3 e5 6.dxe5 dxe5 7.Qxd8+ Kxd8 8.O-O-O+ Bd7
9.Bc4 Nh6 10.h3 exf4 11.Bxf4 Ne5 12.Bb3 c6 13.g4 Ng8 14.Rh2 Ke7 15.Rf2 Be6
16.Nf3 Bxb3 17.axb3 f6 18.Rfd2 Kf7 19.Bxe5 fxe5 20.Rd7+ Ke8 21.Rxb7 Bh6+
22.Kb1 Be3 23.Nd2 h6 24.Nc4 Bc5 25.Na4 Bf2 26.Rdd7 Bh4 27.Nd6+  1-0

[Event "IEWCC"]
[Site "Istanbul TUR"]
[Date "2003.06.03"]
[Round "2"]
[White "Milliet,S"]
[Black "Foisor,C"]
[Result "0-1"]
[WhiteElo "2240"]
[BlackElo "2395"]

1.e4 g6 2.d4 Bg7 3.Nc3 d6 4.Be3 a6 5.f4 b5 6.Be2 b4 7.Nb1 Bb7 8.Bf3 Nf6 9.Qd3 Nbd7
10.Nd2 Qc8 11.Ne2 O-O 12.g4 c5 13.g5 Ne8 14.c3 a5 15.Rc1 Ba6 16.Qc2 bxc3
17.bxc3 Ra7 18.d5 Bxe2 19.Bxe2 Nc7 20.h4 e6 21.dxe6 fxe6 22.h5 Rf7 23.hxg6 hxg6
24.Bd3 Nf8 25.Nc4 Ne8 26.e5 dxe5 27.fxe5 Rf5 28.Bxf5 exf5 29.Qb3 Ne6 30.Rb1 Qc6
31.Rh2 Re7 32.Re2 Qh1+ 33.Kd2 Qd5+ 34.Kc1 f4 35.Bf2 Qg2 36.Nxa5 Nc7 37.Rd2 Re8
38.Bxc5 Qxg5 39.Nc6 f3 40.Kc2 Bxe5 41.Nxe5 Qxe5 42.Bd6 Qf5+ 43.Kb2 Qf7 44.Bxc7 Qxc7
45.Rbd1 Rb8 46.Rd8+ Rxd8 47.Qxe6+ Kg7 48.Rxd8 Qxd8 49.Qe5+ Qf6 50.Qc7+ Kg8
51.Qc8+ Qf8 52.Qc4+ Qf7 53.Qf1 f2 54.a4 g5 55.a5 g4 56.a6 g3 57.a7 Qb7+ 58.Kc1 Qxa7
59.Qc4+ Qf7 60.Qg4+ Kf8 61.Qb4+ Kg7 62.Qg4+ Qg6 63.Qd7+ Kh6 64.Qh3+ Qh5 65.Qe6+ Kg5
66.Qd5+ Kh6 67.Qe6+ Qg6 68.Qh3+ Kg7 69.Qd7+ Kf8 70.Qd8+ Qe8 71.Qf6+ Qf7 72.Qd8+ Kg7
73.Qg5+ Qg6 74.Qe7+ Kg8 75.Qd8+ Kh7 76.Qe7+ Qg7 77.Qe4+ Qg6 78.Qe7+ Kg8 79.Qd8+ Kf7
80.Qd7+ Kf6 81.Qd6+ Kf5 82.Qd3+ Kf4 83.Qxg6 f1=Q+ 84.Kb2 Qb5+ 85.Ka3 Qe5
86.Qh6+ Kf3 87.Qh1+ Kf2 88.Qc1 Qa5+ 89.Kb3 Qb5+ 90.Ka3 Qc5+ 91.Kb3 Qb6+ 92.Ka3 Qd6+
93.Kb3 Qe6+ 94.Ka4 g2 95.Qf4+ Ke2 96.Qh2 Qc4+ 97.Ka3 Qxc3+ 98.Ka2 Qf3 99.Qe5+ Kf2
100.Qd4+ Qe3 101.Qf6+ Ke1 102.Qa1+ Ke2  0-1